[Event "GER-ch Net blitz qual1"]
[Site "Playchess.com INT"]
[Date "2020.03.07"]
[Round "4"]
[White "Brettner, Simeon"]
[Black "Paehtz, Wolfgang"]
[Result "0-1"]
[WhiteElo "1504"]
[BlackElo "1948"]
[PlyCount "68"]
[EventDate "2020.03.07"]
[EventType "swiss (blitz)"]
[EventRounds "9"]
[EventCountry "GER"]
[SourceTitle "CBM 195 Extra"]
[Source "ChessBase"]
[SourceDate "2020.05.31"]
[SourceVersion "1"]
[SourceVersionDate "2020.05.31"]
[SourceQuality "1"]

1. e4 c5 2. Nf3 Nc6 3. d4 cxd4 4. Nxd4 Qb6 5. c3 Nf6 6. f3 d5 7. Nxc6 bxc6 8. exd5 Nxd5 9. Qc2 e6 10. Nd2 Be7 11. Nc4 Qc7 12. Bd3 f5 13. Bd2 0-0 14. 0-0-0 a5 15. g4 a4 16. gxf5 exf5 17. Rhg1 Bf6 18. Bxf5 Bxf5 19. Qxf5 Rae8 20. Qc2 Re7 21. Bg5 Bxg5+ 22. Rxg5 Qf4+ 23. Qd2 Qxc4 24. Rdg1 Qf4 25. Kc2 Qxd2+ 26. Kxd2 Rxf3 27. h4 Rf2+ 28. Kc1 Nf4 29. R5g4 Nd3+ 30. Kd1 g6 31. Rxa4 Ree2 32. Ra8+ Kg7 33. Ra7+ Kh6 34. Rb7 Rd2# 0-1